McDonald's or Burger King? Quiz Stats

Quiz Updated Oct 1, 2015

Challenge
Share
Tweet
Embed
Score 0/24 Timer 04:00
24 Plays Today
McDonald's or Burger King? M or B? % Correct
Filet-O-Fish???
92.7%
Quarter Pounder with Cheese???
91.8%
Triple Stacker???
89.1%
Onion Rings???
88.7%
Premium Alaskan Fish Sandwich???
88.3%
Big Mac???
87.1%
Fruit 'N Yogurt Parfait???
82.8%
Whopper???
82%
Hotcakes and Sausage???
81.7%
Sweet Potato Fries???
79.9%
Double Croissan'wich???
73.5%
Memphis BBQ Pulled Pork Sandwich???
69.7%
McDonald's or Burger King? M or B? % Correct
Premium Bacon Ranch Salad with Grilled Chicken???
65.1%
Chipotle BBQ Snack Wrap???
64.5%
Warm Oreo Brownie Sundae???
64.5%
MorningStar Veggie Burger???
62.8%
Southern Style Chicken Biscuit???
61.8%
Tendergrill Chicken Sandwich???
61.8%
Bacon, Egg, and Cheese Bagel???
61.2%
Southern Style Crispy Chicken Sandwich???
60.3%
Grilled Onion Cheddar Burger???
39.6%
Southwestern Breakfast Burrito???
38.2%
Cinnamon Melts???
29.3%
Chicken, Apple, and Cranberry Garden Fresh Salad???
27.5%

You're not logged in!

Compare scores with friends on all Sporcle quizzes.
Join for Free
OR
Log In

You Might Also Like...

Show Comments

Extras

Top Quizzes Today


Score Distribution

Your Account Isn't Verified!

In order to create a playlist on Sporcle, you need to verify the email address you used during registration. Go to your Sporcle Settings to finish the process.

Report this User

Report this user for behavior that violates our Community Guidelines.

Details: